|
|
|
|
| LEADER |
00000cas a2200000 a 4500 |
| 001 |
vtls008871839 |
| 003 |
SK-MaSNL |
| 005 |
20260228162157.0 |
| 008 |
061031d20022006xo x|p r 0 b0slo |
| 022 |
|
|
|a 1336-1295
|
| 035 |
|
|
|a (SVKBB03)vtls000208949
|
| 040 |
|
|
|a SVKPO
|b slo
|c SVKPO
|d SAVUK
|d SNK
|e AACR2
|
| 041 |
0 |
|
|a slo
|
| 044 |
|
|
|a xo
|c SK
|
| 072 |
|
7 |
|a 72
|x Architektúra
|2 konspekt
|
| 072 |
|
7 |
|a 69
|x Stavebníctvo
|2 konspekt
|
| 080 |
|
|
|a 72
|2 2011
|
| 080 |
|
|
|a 69
|2 2011
|
| 080 |
|
|
|a 050
|2 2011
|
| 080 |
|
|
|a (051)-048.55
|2 2011
|
| 210 |
0 |
|
|a Stav. nami
|
| 222 |
|
0 |
|a Stavajte s nami
|
| 245 |
0 |
0 |
|a Stavajte s nami
|
| 260 |
|
|
|a Bratislava
|b VERSO
|c 2002-2006
|
| 300 |
|
|
|a 5 zv.
|c 30 cm
|
| 310 |
|
|
|a Nepravidelne
|
| 362 |
0 |
|
|a Roč. 1 (2002)-roč. 5 (2006)
|
| 500 |
|
|
|a R. 2002-2003 formát 29 cm
|
| 500 |
|
|
|a Registračné č.: MK SR 2826/2002
|
| 500 |
|
|
|a Šéfredaktor: 2004-2005, Pavel Kleskeň
|
| 525 |
|
|
|a Časopis je prílohou k časopisu Dom a byt
|
| 650 |
0 |
7 |
|a architektúra
|2 SNKPH
|9 722
|
| 650 |
0 |
7 |
|a stavebníctvo
|2 SNKPH
|9 726
|
| 655 |
|
7 |
|a špecializované časopisy
|2 SNKPH
|9 70509
|
| 700 |
1 |
|
|a Kleskeň, Pavel
|4 pbd
|9 266281
|
| 772 |
0 |
|
|t Dom a byt
|x 1335-6615
|
| 785 |
0 |
0 |
|t Stavajte a bývajte s nami
|w vtls009085910
|
| 850 |
|
|
|a Štátna vedecká knižnica v Prešove
|
| 910 |
|
|
|a savuk
|
| 910 |
|
|
|a snk
|
| 958 |
|
|
|a OND
|
| 999 |
|
|
|c 7019
|d 8949
|
| 952 |
|
|
|0 0
|1 0
|4 0
|7 0
|8 0
|a SNK
|b SNK
|d 2018-10-09
|i snk2018/20298
|l 0
|o snkČSB 6820/3/2004
|p 17A1339520
|r 2026-02-21 21:50:32
|t č. 1-4
|w 2026-02-21
|y PREZ
|
| 952 |
|
|
|0 0
|1 0
|4 0
|7 0
|8 0
|a SNK
|b SNK
|d 2018-10-09
|i snk2018/20300
|l 0
|o snkČSB 6820/4/2005
|p 17A1339521
|r 2026-02-21 21:50:32
|t len č. 1
|w 2026-02-21
|y PREZ
|
| 952 |
|
|
|0 0
|1 0
|4 0
|7 0
|8 0
|a SNK
|b SNK
|d 2018-10-09
|i snk2018/20302
|l 0
|o snkČSB 6820/3/2004 D1
|p 17A1339522
|r 2026-02-21 21:50:32
|t č. 1-4
|w 2026-02-21
|y PREZ
|
| 952 |
|
|
|0 0
|1 0
|4 0
|7 0
|8 0
|a SNK
|b SNK
|d 2018-10-09
|i snk2018/20304
|l 0
|o snkČSB 6820/4/2005 D1
|p 17A1339523
|r 2026-02-21 21:50:32
|t len č. 1
|w 2026-02-21
|y PREZ
|